Francúzsko-nemecký tandem ovládol debatu o európskej ústave

Nemecko a Francúzsko sa považujú za motor integrácie EÚ. Európu viedli k menovej únii a chcú zastrešovať aj prípravu novej, rozšírenej EÚ. Spoločný návrh o budúcej podobe európskych inštitúcií a debaty o príprave európskej ústavy, ktorá vzrušila partnerov v EÚ. Návrh dvojitého prezidentstva - neznám...

Descrizione completa

Salvato in:
Dettagli Bibliografici
Autore principale: Baťo, Rado
Altri autori: Janoška, Juraj
Natura: Capitolo di libro
Lingua:slovacco
Soggetti:
Tags: Aggiungi Tag
Nessun Tag, puoi essere il primo ad aggiungerne!!

MARC

LEADER 00000naa a2200000 4500
001 r047761
005 20230921114710.8
041 0 |a slo 
044 |a SK 
245 1 0 |a Francúzsko-nemecký tandem ovládol debatu o európskej ústave  |c Rado Baťo, Juraj Janoška 
520 |a Nemecko a Francúzsko sa považujú za motor integrácie EÚ. Európu viedli k menovej únii a chcú zastrešovať aj prípravu novej, rozšírenej EÚ. Spoločný návrh o budúcej podobe európskych inštitúcií a debaty o príprave európskej ústavy, ktorá vzrušila partnerov v EÚ. Návrh dvojitého prezidentstva - neznáme kompetencie. Rozdielne názory členov EÚ. 
610 2 0 |a integrácia ekonomická medzinárodná 
610 2 0 |a Európska únia 
610 2 0 |a Nemecko 
610 2 0 |a Francúzsko 
610 2 0 |a únie menové 
610 2 0 |a inštitúcia 
610 2 0 |a ústava 
610 2 0 |a prezidenti 
610 2 0 |a kompetencie 
100 1 |a Baťo, Rado 
700 1 |a Janoška, Juraj